00476cam a22001577a 4500008004000000020001500040082001600055100002100071245009700092260002700189300001000216440002700226650001900253650002100272650002500293180718b1988 xxu||||| |||| 00| 0 eng d a8185024340 aB18x54 R817 aRozario, M. Rita aTrafficking in women and children in India; sexual exploitation and salecby M. Rita Rozario aNew DelhibUppalc1988 a148p. aStatus of women series aWomen - India. aChildren - India aProstitution - India